China Provinces and Capitals Matching - Statistics

General Stats
  • This quiz has been taken 97 times
  • The average score is 19 of 27
Answer Stats
Hint Answer % Correct
Guangdong Guangzhou
91%
Sichuan Chengdu
89%
Heilongjiang Harbin
87%
Inner Mongolia Hohhot
85%
Tibet Lhasa
85%
Xinjiang Ürümqi
85%
Fujian Fuzhou
80%
Hainan Haikou
78%
Shaanxi Xi'an
78%
Yunnan Kunming
74%
Guizhou Guiyang
72%
Liaoning Shenyang
72%
Jilin Changchun
70%
Hubei Wuhan
67%
Anhui Hefei
65%
Gansu Lanzhou
65%
Hunan Changsha
61%
Jiangsu Nanjing
61%
Shanxi Taiyuan
61%
Qinghai Xining
61%
Zhejiang Hangzhou
59%
Shandong Jinan
57%
Guangxi Nanning
54%
Ningxia Yinchuan
52%
Hebei Shijiazhuang
50%
Henan Zhengzhou
50%
Jiangxi Nanchang
41%
No matching quizzes found
Score Distribution
Percent of People with Each Score
Percentile by Number Answered
Your Score History
You have not taken this quiz